Teoría y problemas de álgebra elemental / (Record no. 127274)

MARC details
000 -LEADER
campo de control de longitud fija 00745nam a2200217 4500
001 - NÚMERO DE CONTROL
campo de control 127274
003 - IDENTIFICADOR DE NÚMERO DE CONTROL
campo de control ES-MaACL
005 - FECHA Y HORA DE LA ÚLTIMA TRANSACCIÓN
campo de control 20230906193000.0
007 - CAMPO FIJO DE DESCRIPCIÓN FÍSICA--INFORMACIÓN GENERAL
campo de control de longitud fija t|
008 - DATOS DE LONGITUD FIJA--INFORMACIÓN GENERAL
campo de control de longitud fija 070214s1969 pn r ||||1| spa d
100 1# - ENTRADA PRINCIPAL--NOMBRE DE PERSONA
Nombre de persona Rich, Barnett.
9 (RLIN) 96897
245 10 - MENCIÓN DEL TÍTULO
Título Teoría y problemas de álgebra elemental /
Mención de responsabilidad, etc. Barnett Rich ; traducción y adaptación Luis Gutiérrez Díez, Angel Gutiérrez Vázquez.
260 ## - PUBLICACIÓN, DISTRIBUCIÓN, ETC.
Lugar de publicación, distribución, etc. Panamá [etc.] :
Nombre del editor, distribuidor, etc. McGraw-Hill,
Fecha de publicación, distribución, etc. 1969.
300 ## - DESCRIPCIÓN FÍSICA
Extensión 297 p. :
Otras características físicas il. ;
Dimensiones 28 cm.
490 1# - MENCIÓN DE SERIE
Mención de serie Serie de compendio Schaum
700 1# - ENTRADA AGREGADA--NOMBRE PERSONAL
Nombre de persona Gutiérrez Díez, Luis.
9 (RLIN) 61140
700 1# - ENTRADA AGREGADA--NOMBRE PERSONAL
Nombre de persona Gutiérrez Vázquez, Angel.
9 (RLIN) 61233
830 0# - PUNTO DE ACCESO ADICIONAL DE SERIE-TÍTULO UNIFORME
Título uniforme Serie de compendio Schaum
9 (RLIN) 219182
852 ## - LOCALIZACIÓN
Ubicación ES-MaACL
Número de control de estantería E-5813
Sublocalización o colección R.90067
Holdings
Estatus retirado Estado de pérdida Estado de daño No para préstamo Biblioteca de origen Biblioteca actual Ubicación en estantería Fecha de adquisición Fuente de adquisición Total de préstamos Signatura topográfica completa Código de barras Visto por última vez Precio de reemplazo Tipo de ítem Koha
        Biblioteca del Ateneo de Madrid Biblioteca del Ateneo de Madrid Depósito 2 17/01/2008     E-5813 1132565 23/02/2023 23/02/2023 Libro impreso